00988nam a22002657a 45000010005000000030006000050050017000110080041000280200018000690400029000870500015001160820011001311000018001422450104001602600038002643000049003024900043003515050008003945200183004025210029005855210020006146500031006346500025006657000032006907575FISKH20250724114134.0250724b cb ||||| |||| 00| 0 eng d a9780531224373 aFISKHbengcFISKHdFISKH aQC178 .R66 a531.14 aRooney, Anne  aYou wouldn't wnat to live without gravity ! / cWritten by Anne Rooney : Illustrated by Mark Bergin aNew York : bScholastic , c2016. a32 pages : bcolor illustrations ;c24 cm .  aYou Wouldn't Want to ( Live without )  aR  aExplains the principles of gravity, discussing the effect that gravity has on the Earth and on the human body and the consequences when gravity is either increased or decreased. 8 a780 bLexile estimate 8 aR bRaz-Plus  aEarth sciencevNon-fiction aGravityvNon-fiction aBergin, Mark eIllustrator